BIBLIOTHÈQUE DE LA MAISON DU MEXIQUE

Logo 1 Logo 2

Francisco Sosa (notice nᵒ 2378)

détails MARC
000 -Sello discográfico
campo de control de longitud fija 01017nam a2200325 4500
005 - Identificación de versión
campo de control 20251016083308.0
010 ## - Número Estándar Internacional de Libros (ISBN)
Número (ISBN) 968-7209-61-5
035 ## - Otros números de control del sistema
Número de control del sistema 23211
099 ## - fechas locales
Tipo de ítem Koha LIBRO
100 ## - Datos de procesamiento general
Datos de procesamiento general 19971223d1987 m y1spay5003 ba
105 ## - Campo de datos codificados: Material textual, monográfico
Datos codificados de monografía y 001zy
200 1# - Título y mención de responsabilidad
Título propio Francisco Sosa
Designación general del material texto impreso
Primer mención de responsabilidad Compilación e introducción Alfonso de María y Campos
205 ## - Declaración de edición
Declaración de edición 1a ed
210 ## - Publicación, distribución, etc.
Lugar de publicación, distribución, etc. México
Nombre del editor, distribuidor, etc. Senado de la República, LIII Legislatura
Fecha de publicación, distribución, etc. 1987
215 ## - Descripción física
Designación de material específico y extensión del ítem 185 p
Dimensiones 21 cm
345 ## - Nota de información de adquisición
Fuente de adquisición/dirección de la suscripción [OBSOLETO] Donación
410 #1 - Series
Título Serie Los Senadores
600 ## - Nombre personal usado como materia
Elemento de entrada Sosa Escalante
Parte del nombre distinta del elemento de entrada Francisco de Paula
Fechas 1848-1925
Número Koha 5531
606 ## - Término temático usado como materia
Elemento de entrada Legisladores
Subdivisión geográfica México
Número Koha 5506
660 ## - Código de área geográfica
Código MX
702 ## - Nombre personal - Responsabilidad secundaria
Elemento de entrada María y Campos Castelló
Parte del nombre distinta del elemento de entrada Alfonso de
Fechas 1950-2021
Número Koha 5532
801 #0 - Fuente de origen
Agencia cm
856 ## - Localización electrónica y acceso
Identificador Uniforme de Recurso http://ru.juridicas.unam.mx:80/xmlui/handle/123456789/11586
900 ## -
-- 1/15164
900 ## -
-- 710976748\\231297
942 ## - ELEMENTOS DE ENTRADA SECUNDARIOS (KOHA)
Tipo de ítem Koha Livre
996 ## -
-- MEX
-- 751145101
-- MMAG
-- 009349
-- 328.72 M332F
-- 20240108LIV
Exemplaires
Estatus retirado Estado de daño Estado de pérdida Fecha de adquisición Biblioteca de origen Biblioteca actual Ubicación en estantería Código de barras Precio de reemplazo Signatura topográfica completa No para préstamo Tipo de ítem Koha Nota pública Nota no pública
      05/08/2025 Casa México Paris Casa México Paris   009349 05/08/2025 328.72 M332F   Livre 20240108LIV 751145101